Catálogo
 En Linea

Catorce pintores y cinco escultores dominicanos con proyección internacional / (Registro nro. 29962)

Detalles MARC
000 -CABECERA
campo de control de longitud fija 00776nam a2200253 i 4500
001 - NÚMERO DE CONTROL
campo de control 000030470
003 - IDENTIFICADOR DEL NÚMERO DE CONTROL
campo de control DO-SdBNP
005 - FECHA Y HORA DE LA ÚLTIMA TRANSACCIÓN
campo de control 20260305073958.0
007 - CAMPO FIJO DE DESCRIPCIÓN FÍSICA--INFORMACIÓN GENERAL
campo de control de longitud fija ta
008 - DATOS DE LONGITUD FIJA--INFORMACIÓN GENERAL
campo de control de longitud fija 110518s1985 dr ac 000 | spa d
040 ## - FUENTE DE LA CATALOGACIÓN
Centro catalogador/agencia de origen DO-SdBNP
Lengua de catalogación spa
Centro/agencia transcriptor BNPHU
Normas de descripción rda
041 ## - CÓDIGO DE LENGUA
Código de lengua del texto/banda sonora o título independiente spa
082 #4 - NÚMERO DE LA CLASIFICACIÓN DECIMAL DEWEY
Número de clasificación xxx
Número de documento/Ítem G377c
Número de edición 22
100 1# - ENTRADA PRINCIPAL--NOMBRE DE PERSONA
Nombre de persona Gerón, Candido,
Fechas asociadas al nombre 1948-
Término indicativo de función/relación autor
9 (RLIN) 3577
245 10 - MENCIÓN DE TÍTULO
Título Catorce pintores y cinco escultores dominicanos con proyección internacional /
Mención de responsabilidad, etc. Cándido Gerón.
264 ## - PRODUCCIÓN, PUBLICACIÓN, DISTRIBUCIÓN, FABRICACIÓN Y COPYRIGHT
Producción, publicación, distribución, fabricación y copyright Santo Domingo :
Nombre del de productor, editor, distribuidor, fabricante Taller,
Fecha de producción, publicación, distribución, fabricación o copyright 1985.
300 ## - DESCRIPCIÓN FÍSICA
Extensión 205 páginas :
Otras características físicas ilustraciones, retratos. ;
Dimensiones 26 cm.
336 ## - TIPO DE CONTENIDO
Término de tipo de contenido rdacontent
Código de tipo de contenido texto
Fuente txt
337 ## - TIPO DE MEDIO
Nombre/término del tipo de medio rdamedia
Código del tipo de medio sin mediación
Fuente n
338 ## - TIPO DE SOPORTE
Nombre/término del tipo de soporte rdacarrier
Código del tipo de soporte volumen
Fuente nc
590 ## - NOTA LOCAL (RLIN)
Nota local Inventariado, 2022/BT
910 ## - DATOS DE OPCIÓN DEL USUARIO (OCLC)
Datos de opción del usuario BT
942 ## - ELEMENTOS DE PUNTO DE ACCESO ADICIONAL (KOHA)
Fuente del sistema de clasificación o colocación Dewey Decimal Classification
Tipo de ítem Koha Libro
Existencias
Estado de retiro Estado de pérdida Fuente del sistema de clasificación o colocación Restricciones de uso No para préstamo Código de colección Localización permanente Ubicación/localización actual Ubicación en estantería Fecha de adquisición Signatura topográfica completa Código de barras Fecha visto por última vez Precio válido a partir de Tipo de ítem Koha Nota pública Número de copia Fuente de adquisición Total de préstamos
    Dewey Decimal Classification Préstamo restringido   Patrimonio Dominicano Referencia Biblioteca Nacional Pedro Henríquez Ureña Biblioteca Nacional Pedro Henríquez Ureña Depósito 18.05.2011 BNPHU R-PD G377c 30470-10 25.06.2020 25.06.2020 Libro Ministerio de la Mujer      
    Dewey Decimal Classification Préstamo restringido   Patrimonio Dominicano Referencia Biblioteca Nacional Pedro Henríquez Ureña Biblioteca Nacional Pedro Henríquez Ureña En catalogación 13.10.2011 BNPHU R-PD G377c 30470-20 25.06.2020 25.06.2020 Libro   e. 2    
    Dewey Decimal Classification Préstamo en sala   Dominicana en Servicio Referencia Biblioteca Nacional Pedro Henríquez Ureña Biblioteca Nacional Pedro Henríquez Ureña En catalogación 22.04.2022 BNPHU R-DS G377c 2022-1498 22.04.2022 22.04.2022 Libro CERTEV e.3 Donación  
    Dewey Decimal Classification Préstamo en sala   Dominicana en Servicio Referencia Biblioteca Nacional Pedro Henríquez Ureña Biblioteca Nacional Pedro Henríquez Ureña En catalogación 15.01.2026 BNPHU R-DS G377c 2026-0049 15.01.2026 15.01.2026 Libro   e.4 donación  

Con tecnología Koha